El test de Goodenough

Gardado en:
Detalles Bibliográficos
Autor Principal: Harris, Dale B (Author)
Formato: Libro
Idioma:Lingua castelá
Publicado: Barcelona Paidós 1991
Series:Biblioteca de Psicometría y Psicodiagnóstico, 7
Subjects:
Tags: Engadir etiqueta
Sen Etiquetas, Sexa o primeiro en etiquetar este rexistro!

MARC

LEADER 00000nam a2200000 a 4500
001 UCT9007
003 CL-VaPUC
008 970404e19910000SP |||||||||||||||||spa|d
082 0 4 |a 153.93  |b HAR  |2 21 
100 0 |a Harris, Dale B  |e author  |9 381358 
245 1 3 |a El test de Goodenough 
300 |a 384 p 
942 |c BK 
945 |d 19970404 00:00:00  |a rleighto 
260 |a Barcelona  |b Paidós  |c 1991 
500 |a Texto acompañado de veinticuatro fichas 
650 0 |a Tests psicológicos  |9 308644 
650 0 |a Inteligencia  |9 267038 
650 0 |a Psicología del niño  |9 307305 
650 0 |a Desarrollo infantil  |9 308064 
650 0 |a Dibujo   |9 260181 
650 0 |a Psicología del arte  |9 265264 
583 |a last modification  |c 20130102 10:10:54  |k Rodrigo Vera 
490 0 |a Biblioteca de Psicometría y Psicodiagnóstico, 7 
999 |c 257468  |d 257466 
952 |0 0  |1 0  |4 0  |6 153_930000000000000_HAR_1991  |7 0  |8 R  |9 280950  |a BIBEDU  |b BIBEDU  |c MCIRC  |d 2019-11-19  |i 3288757  |o 153.93 HAR 1991  |p 3288757  |r 2023-01-13  |w 2019-11-19  |y BK_R  |k PSI